00762nam a2200265 a 4500001001300000003000900013005001700022008004100039020002300080082001300103100001700116245003700133260003500170300000900205500003500214505001800249650002500267650002500292700001600317700001700333902000800350942000700358952011400365999001700479nice12345678IN_TiNIC20260116014505.0080110s2006 dela grp 000 0 eng  a8178242036 c39500a306bLOO aLoomba, Ania aPost Colonial Studies and Beyond aDelhi bPermanent Black c2006 a499p aincludes index and biblioraphy2 abiblio, index aComparative Religion aPost Colonial Theory1 aSuvir, Kaul1 aMatti, Bunal bSRS cBK 001040708StackRoom-aHMIbHMId2012-03-07g395.00l0o306 LOOp022263r2012-03-07v395.00w2008-01-10yBK c15594d15594